[Event "Frankfurt-chA"]
[Site "Frankfurt"]
[Date "2022.04.25"]
[Round "1"]
[White "Boll, Nils"]
[Black "Zimmer, Gerald"]
[Result "0-1"]
[WhiteElo "1593"]
[BlackElo "1912"]
[PlyCount "72"]
[EventDate "2022.04.25"]
[EventType "swiss"]
[EventRounds "7"]
[EventCountry "GER"]
[SourceTitle "EXT 2023"]
[Source "ChessBase"]
[SourceDate "2022.10.05"]
[SourceVersion "1"]
[SourceVersionDate "2022.10.05"]
[SourceQuality "1"]

1. e4 e6 2. d4 d5 3. Nc3 Bb4 4. e5 c5 5. a3 Bxc3+ 6. bxc3 Ne7 7. Nf3 Nbc6 8. Bb5 Bd7 9. a4 Qa5 10. Bxc6 Bxc6 11. Bd2 0-0 12. 0-0 Bxa4 13. c4 Qa6 14. Bg5 Rfe8 15. cxd5 Nxd5 16. dxc5 Qc4 17. Qd4 Bb5 18. Qxc4 Bxc4 19. Rfb1 h6 20. Bd2 b5 21. Nd4 a6 22. Ra5 Rec8 23. c6 Ne7 24. c7 Nd5 25. Rba1 Nxc7 26. Bb4 Bd5 27. Bd6 Bb7 28. Nb3 Ne8 29. Nd4 Nxd6 30. exd6 Rc5 31. Nxb5 Rxc2 32. Nc7 Rd8 33. Nxa6 Rxd6 34. Nc5 Rc6 35. Nb3 R6c3 36. Rb5 Bd5 0-1

[Event "Heusenstamm Sparkassen op-A 6th"]
[Site "Heusenstamm"]
[Date "2019.11.23"]
[Round "4"]
[White "Wachsmann, Elmar"]
[Black "Zimmer, Gerald"]
[Result "1-0"]
[WhiteElo "1777"]
[BlackElo "1958"]
[PlyCount "79"]
[EventDate "2019.11.21"]
[EventType "swiss"]
[EventRounds "7"]
[EventCountry "GER"]
[SourceTitle "CBM 194 Extra"]
[Source "ChessBase"]
[SourceDate "2020.03.31"]
[SourceVersion "1"]
[SourceVersionDate "2020.03.31"]
[SourceQuality "1"]

1. d4 Nf6 2. c4 e6 3. Nc3 Bb4 4. e3 0-0 5. Bd3 d5 6. Nf3 c5 7. 0-0 Nc6 8. a3 Bxc3 9. bxc3 Qc7 10. Qc2 b6 11. cxd5 exd5 12. Re1 Re8 13. Nd2 cxd4 14. cxd4 Qd6 15. Bb2 Bb7 16. Rad1 Rac8 17. Qb1 h6 18. f3 Rcd8 19. Nf1 Kh8 20. Ng3 Qc7 21. Qc2 Qb8 22. Qf2 Ne7 23. e4 Nh7 24. e5 Nf8 25. f4 Ng8 26. Bc1 Qc7 27. f5 Qe7 28. Nh5 Nh7 29. h4 Qc7 30. Qg3 f6 31. Nf4 Nf8 32. Nh5 Nh7 33. Bf4 Qf7 34. Qg4 Bc8 35. e6 Qb7 36. Rc1 Re7 37. Rc2 a6 38. Rec1 Rde8 39. Rc7 Qa8 40. Bd6 1-0

[Event "Wiesbaden op 31st"]
[Site "Wiesbaden"]
[Date "2019.08.23"]
[Round "3"]
[White "Neurohr, Juergen"]
[Black "Zimmer, Gerald"]
[Result "1/2-1/2"]
[WhiteElo "2127"]
[BlackElo "1952"]
[PlyCount "82"]
[EventDate "2019.08.22"]
[EventType "swiss"]
[EventRounds "7"]
[EventCountry "GER"]
[SourceTitle "EXT 2020"]
[Source "ChessBase"]
[SourceDate "2019.10.17"]
[SourceVersion "1"]
[SourceVersionDate "2019.10.17"]
[SourceQuality "1"]

1. c4 e6 2. d4 Nf6 3. g3 d5 4. Bg2 c6 5. Nf3 Bb4+ 6. Bd2 Bxd2+ 7. Nbxd2 Nbd7 8. Qc2 0-0 9. 0-0 Re8 10. Rfd1 Qe7 11. e4 dxe4 12. Nxe4 Nxe4 13. Qxe4 Nf6 14. Qe2 Bd7 15. Ne5 Rad8 16. Rd3 Qd6 17. Rad1 Bc8 18. g4 Nd7 19. g5 Nxe5 20. Qxe5 Qxe5 21. dxe5 Rxd3 22. Rxd3 Rf8 23. Be4 g6 24. c5 Re8 25. b4 Kf8 26. f4 Ke7 27. Kf2 Rd8 28. Rxd8 Kxd8 29. Ke3 Bd7 30. Kd4 Kc7 31. Bd3 Be8 32. h4 Bd7 33. Be2 Kd8 34. h5 Kc7 35. h6 Kd8 36. Bd3 Ke7 37. a4 a6 38. Kc3 Kd8 39. Kc4 Kc7 40. Kc3 Kd8 41. b5 a5 1/2-1/2

[Event "Frankfurt-chA"]
[Site "Frankfurt"]
[Date "2018.05.28"]
[Round "4"]
[White "Ackermann, Robert2222"]
[Black "Zimmer, Gerald"]
[Result "1/2-1/2"]
[WhiteElo "1666"]
[BlackElo "1904"]
[PlyCount "120"]
[EventDate "2018.04.30"]
[EventType "swiss"]
[EventRounds "7"]
[EventCountry "GER"]
[SourceTitle "EXT 2019"]
[Source "ChessBase"]
[SourceDate "2018.10.10"]
[SourceVersion "1"]
[SourceVersionDate "2018.10.10"]
[SourceQuality "1"]

1. Nf3 e6 2. c4 d5 3. g3 Nf6 4. Bg2 Bd6 5. 0-0 0-0 6. Nc3 c6 7. d3 Nbd7 8. a3 a5 9. Rb1 Qe7 10. Bd2 Rd8 11. e3 b6 12. Ne2 Nc5 13. Qc2 dxc4 14. dxc4 Bb7 15. Nfd4 Qc7 16. b4 axb4 17. axb4 Ncd7 18. Nc3 e5 19. Nf5 Bf8 20. e4 Ne8 21. b5 Ndf6 22. Bg5 h6 23. Bxf6 Nxf6 24. bxc6 Bxc6 25. Nd5 Bxd5 26. exd5 Rac8 27. Ne3 Bc5 28. Qb3 Ne8 29. Nf5 Nd6 30. Nxd6 Qxd6 31. Be4 Bd4 32. Rbc1 Ra8 33. Rb1 Ra5 34. Rbd1 Rda8 35. Bb1 g6 36. Kg2 Ra3 37. Qb5 R3a5 38. Qb3 Qc5 39. f4 Ra3 40. Qb5 Qd6 41. Qc6 Qxc6 42. dxc6 Rc3 43. Rc1 Rxc1 44. Rxc1 exf4 45. Rd1 Be5 46. Rd7 Rc8 47. Be4 Rc7 48. Rd8+ Kg7 49. Kf3 fxg3 50. hxg3 h5 51. Bd5 Kf6 52. Re8 Bd6 53. Re4 Re7 54. Rd4 Bc7 55. Rd2 Re5 56. Rd3 Rg5 57. Kg2 h4 58. Rf3+ Rf5 59. gxh4 Rxf3 60. Kxf3 Kg7 1/2-1/2

[Event "Frankfurt-chA"]
[Site "Frankfurt"]
[Date "2018.05.14"]
[Round "3"]
[White "Zimmer, Gerald"]
[Black "Stuhlmann, Florian"]
[Result "1/2-1/2"]
[WhiteElo "1904"]
[BlackElo "1699"]
[PlyCount "125"]
[EventDate "2018.04.30"]
[EventType "swiss"]
[EventRounds "7"]
[EventCountry "GER"]
[SourceTitle "EXT 2019"]
[Source "ChessBase"]
[SourceDate "2018.10.10"]
[SourceVersion "1"]
[SourceVersionDate "2018.10.10"]
[SourceQuality "1"]

1. c4 e5 2. Nc3 Nf6 3. g3 c6 4. Bg2 Bc5 5. e3 0-0 6. Nge2 d6 7. d4 exd4 8. exd4 Bb6 9. 0-0 Bg4 10. Bf4 d5 11. cxd5 Nxd5 12. Nxd5 cxd5 13. Re1 Nc6 14. Be3 Ba5 15. Rf1 Bb6 16. f3 Bf5 17. Nf4 Re8 18. Bf2 Nb4 19. g4 Be6 20. Nd3 Nxd3 21. Qxd3 Qd7 22. Rac1 f5 23. h3 Bc7 24. Bh4 fxg4 25. hxg4 Qd6 26. f4 Bxg4 27. Bxd5+ Qxd5 28. Rxc7 Be2 29. Qg3 Qxd4+ 30. Rf2 Re3 31. Qg2 Bf3 32. Rxf3 Re7+ 33. Bf2 Qd1+ 34. Kh2 Rxc7 35. Rb3 Rf8 36. Qe4 Qd2 37. Kg3 Rc2 38. Rf3 Rxb2 39. Qe6+ Kh8 40. Qe7 Qd8 41. Qe5 Rxa2 42. Bd4 Rg8 43. Rc3 Ra6 44. Rc7 Rg6+ 45. Kf3 Qh4 46. f5 Qg4+ 47. Ke3 Qg3+ 48. Qxg3 Rxg3+ 49. Kf4 Rb3 50. f6 Rf8 51. Rxg7 Rb4 52. Ke3 Rxd4 53. Kxd4 Rxf6 54. Rxb7 Ra6 55. Ke4 Ra5 56. Kf4 a6 57. Kg4 Rb5 58. Ra7 a5 59. Kh4 h6 60. Ra8+ Kg7 61. Ra7+ Kg6 62. Ra6+ Kg7 63. Ra7+ 1/2-1/2

[Event "Rhein Main op-A 20th"]
[Site "Bad Homburg"]
[Date "2017.06.15"]
[Round "3"]
[White "Kolker, Vladislav"]
[Black "Zimmer, Gerald"]
[Result "1/2-1/2"]
[WhiteElo "2049"]
[BlackElo "1933"]
[PlyCount "85"]
[EventDate "2017.06.14"]
[EventType "swiss"]
[EventRounds "7"]
[EventCountry "GER"]
[SourceTitle "EXT 2018"]
[Source "ChessBase"]
[SourceDate "2017.10.13"]
[SourceVersion "1"]
[SourceVersionDate "2017.10.13"]
[SourceQuality "1"]

1. e4 e6 2. Nf3 d5 3. e5 c5 4. b4 cxb4 5. a3 Nc6 6. axb4 Bxb4 7. c3 Be7 8. d4 f6 9. Bd3 Qc7 10. Bf4 f5 11. 0-0 Qd8 12. Na3 h6 13. h3 g5 14. Bc1 h5 15. g4 hxg4 16. hxg4 Nh6 17. Nh2 Qd7 18. f4 gxf4 19. Bxf4 Nxg4 20. Nxg4 Rg8 21. Be2 Bxa3 22. Rxa3 Qe7 23. Ra2 Bd7 24. Bf3 fxg4 25. Bxg4 Qh4 26. Rg2 0-0-0 27. Bc1 Na5 28. Rf6 Rh8 29. Qd2 Rdg8 30. Qf4 Qe1+ 31. Qf1 Qxf1+ 32. Rxf1 Rh4 33. Be2 Rxg2+ 34. Kxg2 Nc4 35. Rf7 a5 36. Bg5 Rh8 37. Kf2 a4 38. Be7 Kc7 39. Bb4 Kc6 40. Bxc4 dxc4 41. Ke2 Rh2+ 42. Rf2 Rh1 43. Rf1 1/2-1/2